Effects of water storage on seed germination and seedling growth of rubber (Hevea brasiliensis Muell Arg.) (Record no. 58399)

MARC details
000 -LEADER
fixed length control field 00900nam a2200193Ia 4500
100 ## - MAIN ENTRY--AUTHOR NAME
Personal name Mercykutty V C
245 #0 - TITLE STATEMENT
Title Effects of water storage on seed germination and seedling growth of rubber (Hevea brasiliensis Muell Arg.)
260 ## - PUBLICATION, DISTRIBUTION, ETC. (IMPRINT)
Name of publisher Planter
Year of publication 1996
300 ## - PHYSICAL DESCRIPTION
Number of Pages 367-373
520 ## - SUMMARY, ETC.
Summary, etc Fresh rubber seeds stored under ambient conditions in water gave 45 perr cent germination even after 20 days as compared to zero germination o fseeds stored under open air conditions. The water storage treatment was better than the open air storage for seed moisture content, germination percentage and all growth attributes except for number of lateral roots.
650 ## - SUBJECT ADDED ENTRY--TOPICAL TERM
Topical Term Germination percentage
650 ## - SUBJECT ADDED ENTRY--TOPICAL TERM
Topical Term Rubber seeds
650 ## - SUBJECT ADDED ENTRY--TOPICAL TERM
Topical Term Water storage
700 ## - ADDED ENTRY--PERSONAL NAME
Personal name Premakumary D
700 ## - ADDED ENTRY--PERSONAL NAME
Personal name Saraswathyamma C K
700 ## - ADDED ENTRY--PERSONAL NAME
Personal name Thomas V
942 ## - ADDED ENTRY ELEMENTS (KOHA)
Koha item type Journals
Holdings
Withdrawn status Lost status Damaged status Not for loan Home library Current library Shelving location Date acquired Serial Enumeration / chronology Koha item type
      Journals RRII Library RRII Library Botany 17/12/2021 Volume 72, Issue Journals